MARC details
| 000 -LEADER |
| fixed length control field |
02259cam a2200565 4500 |
| 001 - CONTROL NUMBER |
| control field |
21356 |
| 003 - CONTROL NUMBER IDENTIFIER |
| control field |
VRT |
| 005 - DATE AND TIME OF LATEST TRANSACTION |
| control field |
20260227151538.0 |
| 008 - FIXED-LENGTH DATA ELEMENTS--GENERAL INFORMATION |
| fixed length control field |
200228s2019 xo af ar 000 j slo |
| 015 ## - NATIONAL BIBLIOGRAPHY NUMBER |
| National bibliography number |
SNBA2019/07 |
| 020 ## - INTERNATIONAL STANDARD BOOK NUMBER |
| International Standard Book Number |
9788055166643 |
| Qualifying information |
(viazané) |
| 035 ## - SYSTEM CONTROL NUMBER |
| System control number |
urn:nbn:sk:snk-am00ddio |
| 035 ## - SYSTEM CONTROL NUMBER |
| System control number |
urn:nbn:sk:snk-am3hyic |
| 035 ## - SYSTEM CONTROL NUMBER |
| System control number |
65C26FF3-677B-4BBE-BFC4-7F9061066D5F |
| 039 #9 - LEVEL OF BIBLIOGRAPHIC CONTROL AND CODING DETAIL [OBSOLETE] |
| Level of rules in bibliographic description |
202207041156 |
| Level of effort used to assign nonsubject heading access points |
msnk167 |
| Level of effort used to assign subject headings |
202002281330 |
| Level of effort used to assign classification |
VLOAD |
| Level of effort used to assign subject headings |
202002031239 |
| Level of effort used to assign classification |
msnk159 |
| Level of effort used to assign subject headings |
202002031238 |
| Level of effort used to assign classification |
msnk159 |
| 040 ## - CATALOGING SOURCE |
| Original cataloging agency |
TTKJF |
| Language of cataloging |
slo |
| Transcribing agency |
TTKJF |
| Modifying agency |
SNK |
| Description conventions |
rda |
| 041 1# - LANGUAGE CODE |
| Language code of text/sound track or separate title |
slo |
| Language code of original |
ger |
| 044 ## - COUNTRY OF PUBLISHING/PRODUCING ENTITY CODE |
| MARC country code |
xo |
| ISO country code |
SK |
| 072 #7 - SUBJECT CATEGORY CODE |
| Subject category code |
821.112.2-3 |
| Subject category code subdivision |
Nemecká próza, nemecky písaná |
| Source |
konspekt |
| 072 #7 - SUBJECT CATEGORY CODE |
| Subject category code |
82-93 |
| Subject category code subdivision |
Literatúra pre deti a mládež (beletria) |
| Source |
konspekt |
| 080 ## - UNIVERSAL DECIMAL CLASSIFICATION NUMBER |
| Universal Decimal Classification number |
821.112.2-34 |
| Edition identifier |
2011 |
| 080 ## - UNIVERSAL DECIMAL CLASSIFICATION NUMBER |
| Universal Decimal Classification number |
82-93-053.4/.5 |
| Edition identifier |
2011 |
| 100 1# - MAIN ENTRY--PERSONAL NAME |
| Personal name |
Amft, Diana, |
| Dates associated with a name |
1975- |
| Relationship |
aut |
| 240 14 - UNIFORM TITLE |
| Uniform title |
Die kleine Spinne Widerlich. Der Geburtstagsbesuch |
| Language of a work |
Slovensky |
| 245 10 - TITLE STATEMENT |
| Title |
Pavúčik Zlatúšik |
| Name of part/section of a work |
Narodeninová návšteva |
| Statement of responsibility, etc. |
Diana Amftová ; ilustrovala Martina Matosová ; preložila Jana H. Hoffstädter |
| 246 1# - VARYING FORM OF TITLE |
| Display text |
Séria: |
| Title proper/short title |
Pavúčik zlatúšik |
| 246 30 - VARYING FORM OF TITLE |
| Title proper/short title |
Narodeninová návšteva |
| 250 ## - EDITION STATEMENT |
| Edition statement |
Prvé vydanie |
| 264 #1 - PRODUCTION, PUBLICATION, DISTRIBUTION, MANUFACTURE, AND COPYRIGHT NOTICE |
| Place of production, publication, distribution, manufacture |
Bratislava |
| Name of producer, publisher, distributor, manufacturer |
Ikar, a.s. - Stonožka |
| Date of production, publication, distribution, manufacture, or copyright notice |
2019 |
| 300 ## - PHYSICAL DESCRIPTION |
| Extent |
24 nečíslovaných strán |
| Other physical details |
farebné ilustrácie, farebné ilustrované listy |
| Dimensions |
24 cm |
| 336 ## - CONTENT TYPE |
| Content type term |
text |
| Content type code |
txt |
| Source |
rdacontent |
| 336 ## - CONTENT TYPE |
| Content type term |
statický obraz |
| Content type code |
sti |
| Source |
rdacontent |
| 337 ## - MEDIA TYPE |
| Media type term |
bez média |
| Media type code |
n |
| Source |
rdamedia |
| 338 ## - CARRIER TYPE |
| Carrier type term |
zväzok |
| Carrier type code |
nc |
| Source |
rdacarrier |
| 500 ## - GENERAL NOTE |
| General note |
Preložené z nemčiny |
| 521 8# - TARGET AUDIENCE NOTE |
| Target audience note |
Pre deti od 3 rokov |
| 655 #7 - INDEX TERM--GENRE/FORM |
| Genre/form data or focus term |
nemecké rozprávky |
| Source of term |
SNKPH |
| 655 #7 - INDEX TERM--GENRE/FORM |
| Genre/form data or focus term |
literatúra pre deti |
| Source of term |
SNKPH |
| 655 #7 - INDEX TERM--GENRE/FORM |
| Genre/form data or focus term |
German fairy tales |
| Source of term |
SNKPHeng |
| 655 #7 - INDEX TERM--GENRE/FORM |
| Genre/form data or focus term |
Children’s literature |
| Source of term |
SNKPHeng |
| 700 1# - ADDED ENTRY--PERSONAL NAME |
| Personal name |
Matos, Martina, |
| Dates associated with a name |
1978- |
| Relationship |
ill |
| 700 1# - ADDED ENTRY--PERSONAL NAME |
| Personal name |
Hoffstädter, Jana H., |
| Dates associated with a name |
1980- |
| Relationship |
trl |
| 787 08 - OTHER RELATIONSHIP ENTRY |
| Relationship information |
Zo série: |
| Title |
Pavúčik Zlatúšik |
| Related parts |
2 |
| 942 ## - ADDED ENTRY ELEMENTS (KOHA) |
| Source of classification or shelving scheme |
Dewey Decimal Classification |
| Koha item type |
Krásna literatúra pre deti |
| Suppress in OPAC |
No |
| 949 ## - LOCAL PROCESSING INFORMATION (OCLC) |
| 6 |
270001000602660 |
| a |
svkbbB 59395-2 |
| b |
svkbbm 783730 |
| 949 ## - LOCAL PROCESSING INFORMATION (OCLC) |
| 6 |
273K0646950 |
| a |
svkpoB 107801 |
| b |
svkpo638747 |
| 949 ## - LOCAL PROCESSING INFORMATION (OCLC) |
| 6 |
2889347354 |
| a |
savukPV 28236 |
| b |
savuk2019/2201 |
| 949 ## - LOCAL PROCESSING INFORMATION (OCLC) |
| 6 |
17A1373471 |
| a |
snkSC 184687 |
| b |
snk2019/16431 |
| o |
1088/2019 |
| s |
6100:20190708 |
| 949 ## - LOCAL PROCESSING INFORMATION (OCLC) |
| 6 |
17A1373472 |
| a |
snkSC 184687 D1 |
| b |
snk2019/16432 |
| o |
1088/2019 |